000 00450nam a2200169 i 4500
001 92284
003 ES-MaACL
005 20230906180933.0
007 t|
008 050224s1912 sp ||||1| spa d
100 1 _aLichtenberger, Henri.
_972188
245 1 4 _aLes maîtres de la musique Wagner /
_cpar Henri Lichtenberger.
250 _a4ª ed.
260 _aParis :
_bF. Alcan,
_c1912.
300 _a243 p. ;
_c20 cm.
852 _aES-MaACL
_jF-2843
999 _c92284
_d92284